| 000 | 00471nam a2200181 a 4500 | ||
|---|---|---|---|
| 005 | 20140310183136.0 | ||
| 008 | 020820s19uu xx 00 eng d | ||
| 050 |
_aHB 172 _b.D67 1998 |
||
| 100 | _aDornbush, Rudiger | ||
| 245 |
_aMacroeconomics / _cRudiger Dornbush. |
||
| 250 | _a7th | ||
| 260 |
_aSingapore : _bMcGraw-Hill, _c1998. |
||
| 300 |
_a550 p. : _bill. ; _c26 cm. |
||
| 521 | _aBSBA | ||
| 650 | _aMacroeconomics | ||
| 942 |
_cBK _2lcc _kFOR |
||
| 999 |
_c19286 _d19286 |
||